|
|
|
|
| LEADER |
01259nam a2200289 4500 |
| 001 |
c000135027 |
| 003 |
CARM |
| 005 |
00000000000000.0 |
| 008 |
700603s1970 nyua b 10100 eng |
| 019 |
1 |
|
|a 44185
|5 LACONCORD2021
|
| 035 |
|
|
|a (OCoLC)75915
|5 LACONCORD2021
|
| 050 |
0 |
0 |
|a RD58
|b .P7
|
| 082 |
0 |
0 |
|a 617/.919
|
| 245 |
0 |
0 |
|a Pre- and postoperative management of the cardiopulmonary patient;
|b the nineteenth Hahnemann symposium.
|c Editors Wilbur W. Oaks [and] John H. Moyer.
|
| 260 |
|
|
|a New York,
|b Grune & Stratton
|c [1970]
|
| 300 |
|
|
|a xiv, 407 p.
|b illus.
|c 26 cm.
|
| 500 |
|
|
|a Papers read at the conference held Apr. 8-10, 1968, in Philadelphia.
|
| 504 |
|
|
|a Includes bibliographies.
|
| 650 |
|
0 |
|a Lungs
|x Surgery
|x Complications
|x Congresses.
|
| 650 |
|
0 |
|a Lungs
|x Diseases
|x Congresses.
|
| 650 |
|
0 |
|a Cardiovascular system
|x Surgery
|x Complications
|x Congresses.
|
| 700 |
1 |
|
|a Oaks, Wilbur W.,
|d 1928-
|e ed.
|
| 700 |
1 |
|
|a Moyer, John Henry,
|e ed.
|
| 710 |
2 |
0 |
|a Hahnemann Medical College and Hospital of Philadelphia.
|
| 852 |
8 |
|
|b CARM
|h A2:AD26C0
|i C00015
|p 0004149
|f BK
|
| 999 |
f |
f |
|i 9d745912-7aa7-5a81-99b4-a7b17addb010
|s 0620ad02-9072-550c-b73a-a904a6939876
|
| 952 |
f |
f |
|p Can circulate
|a CAVAL
|b CAVAL
|c CAVAL
|d CARM 1 Store
|e C00015
|f A2:AD26C0
|h Other scheme
|i book
|m 0004149
|